| Tag |
First Indicator |
Second Indicator |
Subfields |
| LEADER |
00000cam a2200000 4500 |
| 001 |
in00000307693 |
| 005 |
20151010093511.0 |
| 008 |
740614s1847 enkbi 00010beng d |
| 010 |
|
|
|a a 17001220
|
| 035 |
|
|
|a (OCoLC)00918880
|
| 035 |
|
|
|9 ABG8160AM
|
| 040 |
|
|
|c TOL
|d TXA
|d UtOrBLW
|
| 049 |
|
|
|a TXAM
|c [302291]
|
| 050 |
0 |
0 |
|a DA20
|b .C17 v.40
|
| 100 |
1 |
|
|a Grey de Wilton, Arthur Grey,
|c 14th baron,
|d 1536-1593.
|
| 245 |
1 |
2 |
|a A commentary of the services and changes of William lord Grey of Wilton, K.G. /
|c by his son Arthur lord Grey of Wilton, K.G. Ed. by Sir Philip de Malpas Grey Egerton.
|
| 264 |
|
3 |
|a London :
|b Printed for the Camden Society, by J.B. Nichols and son,
|c 1847.
|
| 300 |
|
|
|a xxiv, 83 pages :
|b frontispiece (coat of arms), double map.
|
| 336 |
|
|
|a text
|b txt
|2 rdacontent
|
| 337 |
|
|
|a unmediated
|b n
|2 rdamedia
|
| 338 |
|
|
|a volume
|b nc
|2 rdacarrier
|
| 490 |
1 |
|
|a Camden Society. Publications ;
|v no. XL
|
| 600 |
1 |
0 |
|a Grey de Wilton, William Grey,
|c 13th baron,
|d -1562.
|
| 651 |
|
0 |
|a Great Britain
|x History, Military
|y 1485-1603.
|
| 700 |
1 |
|
|a Grey-Egerton, Philip de Malpas,
|c Sir, 10th bart.,
|d 1806-1881.
|
| 830 |
|
0 |
|a Publications (Camden Society (Great Britain)) ;
|v no. XL.
|
| 999 |
|
|
|a MARS
|
| 999 |
f |
f |
|s 42901d4c-6d4c-3c78-8e3d-788c957cb18d
|i 042530b4-52e7-3d2f-8d00-d8fe885e44a7
|t 0
|
| 952 |
f |
f |
|p ric
|a Texas A&M University
|b Rellis Campus
|c Joint Library Facility
|d Remote Storage
|t 0
|e DA20 .C17 v.40
|h Library of Congress classification
|i unmediated -- volume
|m A14801906971
|
| 998 |
f |
f |
|a DA20 .C17 v.40
|t 0
|l Remote Storage
|